000 00484nam a2200181Ia 4500
005 20250326125129.0
008 250326s9999 xx 000 0 und d
037 _aTextbook
040 _aFMSL
_beng
_cFMSL
041 _aeng
_2eng
084 _aX:9.44 L0;1
_qFMSL
100 _aPant S C
245 0 _aIndian labour problems
_cPant S C
260 _aAllahabad
_bAllahabad, Chaitanya
_c1971
300 _a473p
942 _cTB
_hX:9.44 L0;1
999 _c1276670
_d1276670